LEADER 02065nam 2200445 n 450 001 996391147503316 005 20221108072127.0 035 $a(CKB)1000000000665301 035 $a(EEBO)2240882778 035 $a(UnM)99836135 035 $a(EXLCZ)991000000000665301 100 $a19900828d1601 uy | 101 0 $aeng 135 $aurbn||||a|bb| 200 14$aThe assise of bread. Whereunto there are also added, sundrie good and needful orders in making and retailing of all kindes of lawfull breads ... Ioh. Cant. Ch. Hatton. W. Burley. ... S.I. Wooley$b[electronic resource] 205 $aNewly corrected & enlarged, from twelue pence the quarter of wheat, vnto three pou[n]d & six pence the quarter .. and also other assizes in weightes and measures .. 210 $aLondon $cPrinted by Iohn Windet, dwelling at Powles Wharfe at the signe of the Crosse Keys$d1601 215 $a[52] p. $cill 300 $a"To all magistrates and others his Maiesties officers" signed: Iohn Powell. 300 $aThe edition statement appears after "The assise of bread" and before "Whereunto there are also added ..". 300 $aSignatures: A-F⁴ G² . 300 $aThe first leaf is blank. 300 $aRunning title reads: The booke of assise. 300 $aReproduction of the original in Cambridge University Library. 330 $aeebo-0021 606 $aBread$zEngland$vEarly works to 1800 606 $aWeights and measures$zEngland$vEarly works to 1800 606 $aBakers and bakeries$zEngland$vEarly works to 1800 615 0$aBread 615 0$aWeights and measures 615 0$aBakers and bakeries 701 $aPowel$b John$cgent.$01007033 801 0$bCu-RivES 801 1$bCu-RivES 801 2$bCStRLIN 801 2$bWaOLN 906 $aBOOK 912 $a996391147503316 996 $aThe assise of bread. Whereunto there are also added, sundrie good and needful orders in making and retailing of all kindes of lawfull breads ... Ioh. Cant. Ch. Hatton. W. Burley. ... S.I. Wooley$92397033 997 $aUNISA